[Event "CRO-chT1B 32nd"]
[Site "Veli Losinj"]
[Date "2024.10.07"]
[Round "3.4"]
[White "Pecnik, Leo"]
[Black "Malenica, Mario"]
[Result "1-0"]
[WhiteElo "2235"]
[BlackElo "2131"]
[PlyCount "61"]
[EventDate "2024.10.05"]
[EventType "team-tourn"]
[EventRounds "9"]
[EventCountry "CRO"]
[SourceTitle "CB47_2024"]
[SourceDate "2024.11.20"]
[SourceVersion "1"]
[SourceVersionDate "2024.11.20"]
[SourceQuality "1"]
[WhiteTeam "Zagreb Caissa"]
[BlackTeam "Sibenik"]
[WhiteTeamCountry "CRO"]
[BlackTeamCountry "CRO"]

1. d4 Nf6 2. Bg5 g6 3. Bxf6 exf6 4. e3 Bg7 5. Ne2 0-0 6. h4 d5 7. Nf4 c6 8. c4 Bh6 9. g3 Qb6 10. Qb3 Bxf4 11. gxf4 dxc4 12. Bxc4 Qxb3 13. Bxb3 Be6 14. Nd2 Na6 15. h5 Rfd8 16. Bxe6 fxe6 17. Ne4 Kg7 18. Ke2 Rd5 19. hxg6 hxg6 20. Rh2 Rh5 21. Rxh5 gxh5 22. Rg1+ Kf7 23. Nd6+ Kf8 24. e4 c5 25. dxc5 Nxc5 26. Rg6 Nd7 27. Rh6 Kg7 28. Rxh5 b6 29. Rh3 Rh8 30. Rc3 Kg6 31. f5+ 1-0

[Event "Innsbruck op"]
[Site "Innsbruck"]
[Date "2024.08.29"]
[Round "7"]
[White "Van Dam, Niels"]
[Black "Pecnik, Leo"]
[Result "0-1"]
[WhiteElo "2116"]
[BlackElo "2245"]
[PlyCount "74"]
[EventDate "2024.08.24"]
[EventType "swiss"]
[EventRounds "9"]
[EventCountry "AUT"]
[SourceTitle "CBM 221 Extra"]
[Source "ChessBase"]
[SourceDate "2024.09.30"]
[SourceVersion "1"]
[SourceVersionDate "2024.09.30"]
[SourceQuality "1"]

1. e4 d6 2. d4 Nf6 3. Nc3 e5 4. dxe5 dxe5 5. Qxd8+ Kxd8 6. Bc4 Be6 7. Bxe6 fxe6 8. f3 Nc6 9. Nb1 Bd6 10. c3 Ke7 11. Nh3 a5 12. Be3 a4 13. Nf2 Na5 14. Nd2 c5 15. Ke2 c4 16. Rhb1 Kd7 17. b4 cxb3 18. axb3 Nxb3 19. Nxb3 axb3 20. Rxa8 Rxa8 21. Rxb3 Ra2+ 22. Kd3 Kc6 23. Rb6+ Kc7 24. Rb5 Nd7 25. Bd2 Kc6 26. Rb1 Nc5+ 27. Ke2 Na4 28. Nd1 Be7 29. Ke1 b5 30. g3 Ba3 31. Ne3 Bb2 32. c4 b4 33. Bxb4 Bd4 34. Nf1 Bc3+ 35. Kd1 Bxb4 36. Rxb4 Nc3+ 37. Kc1 Rf2 0-1

[Event "Innsbruck op"]
[Site "Innsbruck"]
[Date "2024.08.28"]
[Round "6"]
[White "Pecnik, Leo"]
[Black "Sindermann, Peter"]
[Result "1-0"]
[WhiteElo "2245"]
[BlackElo "1927"]
[PlyCount "97"]
[EventDate "2024.08.24"]
[EventType "swiss"]
[EventRounds "9"]
[EventCountry "AUT"]
[SourceTitle "CBM 221 Extra"]
[Source "ChessBase"]
[SourceDate "2024.09.30"]
[SourceVersion "1"]
[SourceVersionDate "2024.09.30"]
[SourceQuality "1"]

1. e4 c5 2. Nf3 a6 3. g3 b5 4. Bg2 Bb7 5. d3 e6 6. 0-0 Nf6 7. e5 Nd5 8. c4 Nb6 9. Qe2 d5 10. exd6 Bxd6 11. Nc3 b4 12. Ne4 Be7 13. b3 N6d7 14. Bb2 Nf6 15. Nfg5 Ra7 16. Rad1 h6 17. Nxf6+ Bxf6 18. Nxe6 fxe6 19. Qh5+ Kd7 20. Qxc5 Bxg2 21. Qxa7+ Qc7 22. Qxc7+ Kxc7 23. Bxf6 Bxf1 24. Be5+ Kd7 25. Kxf1 Nc6 26. Bxg7 Rh7 27. Bb2 Kd6 28. d4 Ne7 29. a3 a5 30. axb4 axb4 31. Ra1 Nc6 32. Kg2 Rf7 33. f4 h5 34. Kf3 Rf5 35. Ke4 Ra5 36. Kd3 Rf5 37. Bc1 Kd7 38. Bd2 Na5 39. Bxb4 Nxb3 40. Ra7+ Kc8 41. Kc3 Nc1 42. Ra1 Ne2+ 43. Kd3 Nxf4+ 44. gxf4 Rxf4 45. Bd6 Rf5 46. Be5 Kd7 47. Ra7+ Kd8 48. Rh7 Ke8 49. c5 1-0